000 00642nam a2200265Ia 4500
005 20260121171608.0
008 008 260114s9999 xx 000 0 eng d
020 _a9783030370787
037 _aEBOOK
040 _aCRL
040 _beng
040 _cCRL
041 _2eng
041 _aeng
084 _qCRL
100 _aPeipeng Liang, Vinod Goel, Chunlei Shan
_91078143
245 0 _aBrain Informatics
260 _bSpringer
260 _bSpringer
260 _c2019
856 _uhttps://link.springer.com/openurl?genre=book&isbn=978-3-030-37078-7
942 _cEBOOK
999 _c1643874
_d1643874